000 00552nam a2200217Ia 4500
008 180523s9999 xx 000 0 und d
020 _a981-247-066-2
050 _aMAIN HD 58.7
050 _b.R63 2003 c.1
100 _aRobbins. Stephen P.
245 0 _aOrganizational behavior /
245 0 _cStephen P. Robbins.
250 _a10th Edition
260 _aSingapore :
260 _bPearson Education South Asia,
260 _c2003
300 _a675 pages :
300 _billustrations ;
300 _c24 cm.
500 _aIncludes index.
999 _c356920
_d356920